| 000 | 00398nam a2200157Ia 4500 | ||
|---|---|---|---|
| 008 | 210719s1973 xx 000 0 und d | ||
| 041 | _aeng | ||
| 082 | _a158.2 HARI | ||
| 100 | _aHARRIS (Thomas A) | ||
| 245 | _aIm ok you're ok | ||
| 260 |
_aLondon _bPan books _c1973 |
||
| 300 |
_axviii,269 _bPB |
||
| 650 | _aApplied Psychology | ||
| 650 | _aPsychology | ||
| 906 | _aIm ; ok ; re ; you ; youre | ||
| 999 |
_c216068 _d216068 |
||